Regímenes sectoriales, productividad y competitividad internacional.

Bibliographic Details
Main Author: Katz, Jorge
Other Authors: Stumpo, Giovanni
Format: Libro
Language:English
Published: Santiago, Chile CEPAL 2001
Subjects:

MARC

LEADER 00000cam a2200000 a 4500
001 041909
003 UAHC_CL
005 20170803124631.0
008 020107b xx j 000 1 eng
040 |a UAHC_CL  |c UAHC_CL  |d UAHC_CL 
100 1 |a Katz, Jorge 
245 1 0 |a Regímenes sectoriales, productividad y competitividad internacional. 
260 |b CEPAL  |c 2001  |a Santiago, Chile 
650 4 |a ECONOMIA INTERNACIONAL 
650 4 |a MICROECONOMIA 
650 4 |a MACROECONOMIA 
700 1 |a Stumpo, Giovanni 
900 |a REVISTA DE LA CEPAL-75 
942 |c BK 
999 |c 41909  |d 41909